[Event "Colin Crouch Masters 1st"]
[Site "Harrow High School"]
[Date "2016.04.07"]
[Round "6.7"]
[White "Lyell, Mark"]
[Black "Britton, Richard L"]
[Result "1-0"]
[WhiteElo "2242"]
[BlackElo "2186"]
[PlyCount "55"]
[EventDate "2016.04.02"]
[EventType "swiss"]
[EventRounds "9"]
[EventCountry "ENG"]
[Source "John Saunders"]
[SourceDate "2016.04.28"]
[WhiteClock "0:52:41"]
[BlackClock "0:15:25"]

1. e4 c5 2. Nc3 Nc6 3. Bb5 Nd4 4. Bc4 g6 5. Nf3 Bg7 6. Nxd4 cxd4 7. Qf3 e6 8.
Nb5 d6 9. Qa3 Ke7 10. c3 dxc3 11. dxc3 a6 12. Nd4 Qc7 13. Bd3 e5 14. Nc2 Be6
15. O-O f6 16. Be3 g5 17. Rac1 Kf7 18. c4 Ne7 19. Nb4 Rhc8 20. Nd5 Bxd5 21.
exd5 b6 22. Bxh7 f5 23. Bxg5 Bf6 24. Bxf6 Kxf6 25. Qh3 Rh8 26. Qh6+ Kf7 27. Rc3
Raf8 28. Qh5+ 1-0

[Event "Colin Crouch Masters 1st"]
[Site "Harrow High School"]
[Date "2016.04.07"]
[Round "6.8"]
[White "Warman, Simon M"]
[Black "Hill, Alistair"]
[Result "0-1"]
[WhiteElo "2130"]
[BlackElo "2204"]
[PlyCount "114"]
[EventDate "2016.04.02"]
[EventType "swiss"]
[EventRounds "9"]
[EventCountry "ENG"]
[Source "John Saunders"]
[SourceDate "2016.04.28"]
[WhiteClock "0:23:12"]
[BlackClock "0:11:22"]

1. e4 c5 2. f4 d5 3. Bb5+ Bd7 4. Bxd7+ Qxd7 5. exd5 Nf6 6. Nf3 Nxd5 7. Ne5 Qe6
8. O-O Nc6 9. Nc3 g6 10. Qf3 Ndb4 11. Nb5 Rc8 12. Qd1 Nxe5 13. fxe5 a6 14. Nc3
Bg7 15. d4 O-O 16. Ne2 cxd4 17. Nxd4 Qxe5 18. c3 Nc6 19. Re1 Qc5 20. Be3 Nxd4
21. Bxd4 Bxd4+ 22. cxd4 Qd6 23. Kh1 e6 24. Qf3 Rc2 25. b3 b5 26. Qf6 Qd5 27.
Rg1 Rd8 28. Raf1 Rd7 29. Rc1 Rdc7 30. Qf4 Rxc1 31. Rxc1 Rxc1+ 32. Qxc1 Qxd4 33.
h3 Kg7 34. Qc6 Qa1+ 35. Kh2 Qe5+ 36. Kh1 a5 37. a4 bxa4 38. bxa4 h5 39. Kg1
Qd4+ 40. Kf1 e5 41. Qb5 Qc3 42. Qd5 Qa1+ 43. Ke2 Qxa4 44. Qxe5+ Kh7 45. Qd5
Qc2+ 46. Ke3 Qf5 47. Qd4 Qc2 48. Qd5 Qc3+ 49. Kf2 Kg7 50. Qb5 Qd4+ 51. Kf3 a4
52. g4 h4 53. Qa5 Qd3+ 54. Kf2 Qg3+ 55. Ke2 a3 56. Qd5 Qh2+ 57. Kd3 Qb2 0-1

[Event "Colin Crouch Masters 1st"]
[Site "Harrow High School"]
[Date "2016.04.07"]
[Round "6.9"]
[White "Jones, Steven A"]
[Black "Santos Ruiz, Miguel"]
[Result "0-1"]
[WhiteElo "2211"]
[BlackElo "2422"]
[PlyCount "58"]
[EventDate "2016.04.02"]
[EventType "swiss"]
[EventRounds "9"]
[EventCountry "ENG"]
[Source "John Saunders"]
[SourceDate "2016.04.28"]
[WhiteClock "1:05:27"]
[BlackClock "0:48:16"]

1. e4 c5 2. Nf3 e6 3. d4 cxd4 4. Nxd4 Nc6 5. Nc3 Qc7 6. Be3 a6 7. Qd2 Be7 8.
O-O-O Nf6 9. f4 b5 10. e5 b4 11. Ncb5 axb5 12. Nxb5 Qa5 13. exf6 gxf6 14. Nd6+
Bxd6 15. Qxd6 Qxa2 16. Rd3 Qa1+ 17. Kd2 Ra2 18. Rb3 Qb1 19. Bb5 Qxh1 20. Bxc6
dxc6 21. Bc5 Qxg2+ 22. Ke3 Ra7 23. Rd3 Rd7 24. Qb8 Rxd3+ 25. cxd3 Qg1+ 26. Ke4
Qxc5 27. Qxc8+ Ke7 28. Qxh8 Qf5+ 29. Ke3 Qh3+ 0-1

[Event "Colin Crouch Masters 1st"]
[Site "Harrow High School"]
[Date "2016.04.07"]
[Round "6.10"]
[White "Tarhon, Brian"]
[Black "Wadsworth, Matthew J"]
[Result "1/2-1/2"]
[WhiteElo "2293"]
[BlackElo "2290"]
[PlyCount "55"]
[EventDate "2016.04.02"]
[EventType "swiss"]
[EventRounds "9"]
[EventCountry "ENG"]
[Source "John Saunders"]
[SourceDate "2016.04.28"]
[WhiteClock "0:21:19"]
[BlackClock "0:19:41"]

1. e4 Nf6 2. e5 Nd5 3. d4 d6 4. Nf3 dxe5 5. Nxe5 c6 6. Bd3 Nd7 7. Nxd7 Bxd7 8.
O-O g6 9. Nc3 Bg7 10. Nxd5 cxd5 11. c3 O-O 12. Bf4 Re8 13. Re1 Qb6 14. Qb3 Bc6
15. Qxb6 axb6 16. a3 b5 17. Rad1 e6 18. Bd6 f6 19. f4 Kf7 20. g3 Rad8 21. Bc5
h5 22. Kg2 Bh6 23. Kf3 g5 24. h3 h4 25. fxg5 Bxg5 26. gxh4 Bxh4 27. Rg1 f5 28.
Rdf1 1/2-1/2

[Event "Colin Crouch Masters 1st"]
[Site "Harrow High School"]
[Date "2016.04.07"]
[Round "6.11"]
[White "Kalavannan, Koby"]
[Black "Rudd, Jack"]
[Result "1-0"]
[WhiteElo "2094"]
[BlackElo "2263"]
[PlyCount "45"]
[EventDate "2016.04.02"]
[EventType "swiss"]
[EventRounds "9"]
[EventCountry "ENG"]
[Source "John Saunders"]
[SourceDate "2016.04.28"]
[WhiteClock "0:16:15"]
[BlackClock "1:06:45"]

1. d4 Nf6 2. Nf3 e6 3. c4 c5 4. d5 b5 5. e4 Nxe4 6. Bd3 Nf6 7. O-O g6 8. Bf4
Bg7 9. Nc3 a6 10. cxb5 d6 11. dxe6 fxe6 12. Qb3 O-O 13. b6 Nc6 14. b7 Bxb7 15.
Qxe6+ Kh8 16. Ng5 Ra7 17. Qxd6 Ba8 18. Ne6 Qxd6 19. Bxd6 Rff7 20. Bxc5 Rad7 21.
Bxa6 Bh6 22. Rad1 Ng4 23. Bb5 1-0

[Event "Colin Crouch Masters 1st"]
[Site "Harrow High School"]
[Date "2016.04.07"]
[Round "6.12"]
[White "Rice, Chris B"]
[Black "Kalaiyalahan, Akshaya"]
[Result "0-1"]
[WhiteElo "2038"]
[BlackElo "2212"]
[PlyCount "44"]
[EventDate "2016.04.02"]
[EventType "swiss"]
[EventRounds "9"]
[EventCountry "ENG"]
[Source "John Saunders"]
[SourceDate "2016.04.28"]
[WhiteClock "0:00:57"]
[BlackClock "0:39:47"]

1. c4 e5 2. g3 Nc6 3. Nc3 Bc5 4. Bg2 a6 5. e3 d6 6. Nge2 Ba7 7. O-O h5 8. d4 h4
9. b4 hxg3 10. hxg3 Qg5 11. f3 Nge7 12. Nd5 Nxd5 13. cxd5 Ne7 14. e4 Qg6 15.
Be3 Bd7 16. a4 f5 17. Qd2 fxe4 18. dxe5 exf3 19. Bxf3 Qh6 20. Kf2 Nf5 21. Nd4
Bxd4 22. Qxd4 Qh2+ 0-1

[Event "Colin Crouch Masters 1st"]
[Site "Harrow High School"]
[Date "2016.04.07"]
[Round "6.13"]
[White "Stanisz, Patryk"]
[Black "Young, Daniel J"]
[Result "1-0"]
[WhiteElo "2128"]
[BlackElo "1807"]
[PlyCount "39"]
[EventDate "2016.04.02"]
[EventType "swiss"]
[EventRounds "9"]
[EventCountry "ENG"]
[Source "John Saunders"]
[SourceDate "2016.04.28"]
[WhiteClock "0:42:56"]
[BlackClock "0:14:17"]

1. d4 d5 2. c4 c6 3. Nf3 Nf6 4. Nc3 e6 5. e3 Nbd7 6. Qc2 Bd6 7. b3 e5 8. cxd5
cxd5 9. Nb5 Bb8 10. Ba3 e4 11. Rc1 exf3 12. Qxc8 fxg2 13. Bxg2 Nb6 14. Qxb7
Nfd7 15. Bh3 g6 16. Rc7 f5 17. Nd6+ Kf8 18. Nxf5+ Kf7 19. Rxd7+ Nxd7 20. Qxd5+
1-0

[Event "Colin Crouch Masters 1st"]
[Site "Harrow High School"]
[Date "2016.04.07"]
[Round "6.14"]
[White "Psaila, Clarence"]
[Black "Grieve, Harry"]
[Result "1/2-1/2"]
[WhiteElo "2067"]
[BlackElo "2106"]
[PlyCount "73"]
[EventDate "2016.04.02"]
[EventType "swiss"]
[EventRounds "9"]
[EventCountry "ENG"]
[Source "John Saunders"]
[SourceDate "2016.04.28"]
[WhiteClock "0:22:24"]
[BlackClock "0:40:26"]

1. Nf3 Nf6 2. c4 e6 3. g3 d5 4. Bg2 Be7 5. O-O O-O 6. d4 dxc4 7. Qc2 a6 8. Qxc4
b5 9. Qc2 Bb7 10. Bd2 Nc6 11. Rd1 Nb4 12. Bxb4 Bxb4 13. a3 Be4 14. Qc1 Ba5 15.
b4 Bb6 16. Nc3 Bb7 17. Qf4 Qd6 18. Ne5 Bxg2 19. Kxg2 Rad8 20. e3 Nd5 21. Nxd5
Qxd5+ 22. Qf3 f6 23. Qxd5 Rxd5 24. Nd3 Rfd8 25. f4 a5 26. Rdc1 a4 27. Rc6 Kf7
28. Rac1 Ke7 29. Nc5 R8d6 30. Ne4 Rxc6 31. Rxc6 Kd7 32. Rc2 c6 33. Kf3 e5 34.
Nc3 Rd6 35. Ne4 Rd5 36. Nc3 Rd6 37. Ne4 1/2-1/2

[Event "Colin Crouch Masters 1st"]
[Site "Harrow High School"]
[Date "2016.04.07"]
[Round "6.15"]
[White "Topal, M Onat"]
[Black "Golding, Alex"]
[Result "1-0"]
[WhiteElo "1998"]
[BlackElo "1994"]
[PlyCount "101"]
[EventDate "2016.04.02"]
[EventType "swiss"]
[EventRounds "9"]
[EventCountry "ENG"]
[Source "John Saunders"]
[SourceDate "2016.04.28"]
[WhiteClock "0:23:22"]
[BlackClock "1:30:01"]

1. c4 Nf6 2. Nc3 g6 3. g3 Bg7 4. Bg2 O-O 5. e4 d6 6. Nge2 c5 7. O-O Nc6 8. d3
h5 9. Bg5 Ne5 10. Qd2 Nh7 11. Bh4 f6 12. f4 Nf7 13. g4 hxg4 14. Bg3 f5 15. Rab1
e5 16. Nd5 g5 17. fxg5 Nfxg5 18. exf5 Bxf5 19. Nec3 Nf3+ 20. Bxf3 gxf3 21. Rxf3
Ng5 22. Rff1 e4 23. dxe4 Bd4+ 24. Kh1 Nxe4 25. Qg2 Nxg3+ 26. Qxg3+ Kh7 27. Rxf5
Rxf5 28. Qd3 Qg5 29. Ne4 Qg6 30. Ne7 Qh5 31. Nd2 Raf8 32. Rf1 Be5 33. h3 Kh8
34. Nxf5 Qh7 35. Qf3 Bxb2 36. Ne4 Be5 37. Ng5 Qg6 38. h4 Rf6 39. Qxb7 Qg8 40.
Qxa7 Bd4 41. Qb7 Bc3 42. a4 Bd2 43. Qg2 Bxg5 44. Qxg5 Qxg5 45. hxg5 Rf8 46. g6
Ra8 47. g7+ Kg8 48. Rg1 Rxa4 49. Nh6+ Kh7 50. g8=Q+ Kxh6 51. Qh8# 1-0

[Event "Colin Crouch Masters 1st"]
[Site "Harrow High School"]
[Date "2016.04.07"]
[Round "6.16"]
[White "Golding, James"]
[Black "De Paolis, Fabrizio"]
[Result "1-0"]
[WhiteElo "2095"]
[BlackElo "1878"]
[PlyCount "93"]
[EventDate "2016.04.02"]
[EventType "swiss"]
[EventRounds "9"]
[EventCountry "ENG"]
[Source "John Saunders"]
[SourceDate "2016.04.28"]
[WhiteClock "0:33:15"]
[BlackClock "0:03:27"]

1. d4 d5 2. c4 e6 3. Nc3 c6 4. Nf3 dxc4 5. e3 b5 6. a4 Bb4 7. Bd2 a5 8. axb5
Bxc3 9. Bxc3 cxb5 10. b3 Bb7 11. bxc4 b4 12. Bb2 Nf6 13. Bd3 Nbd7 14. O-O O-O
15. Qc2 Qc7 16. h3 h6 17. Rfd1 Qc6 18. e4 e5 19. dxe5 Nh7 20. Nd4 Qb6 21. Nf5
Nc5 22. Qe2 Ng5 23. Bd4 Rad8 24. Ne7+ Kh8 25. Nd5 Bxd5 26. exd5 Nge6 27. Be3
Ng5 28. h4 Nh7 29. Bd4 Qc7 30. Qc2 Nxd3 31. Qxd3 Ra8 32. c5 a4 33. Qc4 Rfb8 34.
Rdb1 Qa5 35. d6 b3 36. c6 Nf8 37. Qxf7 Qd2 38. c7 Qxd4 39. cxb8=Q Rxb8 40. Qf5
b2 41. Ra2 Qc4 42. Raxb2 Rxb2 43. Qxf8+ Kh7 44. Rxb2 Qc1+ 45. Kh2 Qxb2 46. d7
Qxe5+ 47. g3 1-0

[Event "Colin Crouch Masters 1st"]
[Site "Harrow High School"]
[Date "2016.04.07"]
[Round "6.17"]
[White "Moreby, James"]
[Black "Harari, Zaki"]
[Result "0-1"]
[WhiteElo "2008"]
[BlackElo "2065"]
[PlyCount "48"]
[EventDate "2016.04.02"]
[EventType "swiss"]
[EventRounds "9"]
[EventCountry "ENG"]
[Source "John Saunders"]
[SourceDate "2016.04.28"]
[WhiteClock "0:11:17"]
[BlackClock "0:33:09"]

1. e4 d6 2. d4 Nf6 3. Nc3 g6 4. Be3 c6 5. f3 Bg7 6. Qd2 O-O 7. O-O-O Qa5 8. Kb1
e5 9. g4 Nbd7 10. h4 h5 11. g5 Nh7 12. f4 Nb6 13. Qf2 exf4 14. Bxf4 c5 15. Nb5
Bg4 16. Nf3 Na4 17. Bxd6 a6 18. Na3 Qb4 19. Nc4 Nc3+ 20. Ka1 Nxd1 21. Qe2 Nxb2
22. Bxf8 Bxd4 23. c3 Qxc3 24. Nxb2 Qc1# 0-1

[Event "Colin Crouch Masters 1st"]
[Site "Harrow High School"]
[Date "2016.04.07"]
[Round "6.18"]
[White "Brozel, Sacha"]
[Black "Mandnikar, Atreya"]
[Result "1-0"]
[WhiteElo "1981"]
[BlackElo "1689"]
[PlyCount "101"]
[EventDate "2016.04.02"]
[EventType "swiss"]
[EventRounds "9"]
[EventCountry "ENG"]
[Source "John Saunders"]
[SourceDate "2016.04.28"]
[WhiteClock "0:24:51"]
[BlackClock "1:13:00"]

1. d4 d5 2. c4 e6 3. Nf3 c5 4. cxd5 exd5 5. g3 Nc6 6. Bg2 Nf6 7. O-O cxd4 8.
Nxd4 Be7 9. Nc3 O-O 10. Bg5 h6 11. Be3 Be6 12. Rc1 Qd7 13. Nxc6 bxc6 14. Na4
Rfb8 15. Bc5 Bxc5 16. Nxc5 Qd6 17. Qd4 Nd7 18. b3 a5 19. Nxd7 Qxd7 20. Qa4 Rc8
21. Rc5 Qc7 22. Rfc1 Ra6 23. b4 Qb7 24. Rxa5 Rxa5 25. bxa5 Bd7 26. Qb3 Qa6 27.
Qb6 Ra8 28. Qxa6 Rxa6 29. Rc5 Kf8 30. e3 Ke7 31. Bf1 Ra7 32. a6 Kd6 33. Ra5 Kc7
34. Kg2 Kb6 35. Ra3 Bc8 36. Kf3 Bxa6 37. Rxa6+ Rxa6 38. Bxa6 Kxa6 39. e4 d4 40.
Ke2 Kb5 41. Kd3 c5 42. f4 g6 43. g4 Kc6 44. a4 g5 45. f5 Kd6 46. a5 Kc6 47. e5
Kd5 48. a6 c4+ 49. Ke2 d3+ 50. Ke3 Kc6 51. e6 1-0

[Event "Colin Crouch Masters 1st"]
[Site "Harrow High School"]
[Date "2016.04.07"]
[Round "6.19"]
[White "Armstrong, William G"]
[Black "Robinson, Nette"]
[Result "1-0"]
[WhiteElo "1868"]
[BlackElo "1501"]
[PlyCount "91"]
[EventDate "2016.04.02"]
[EventType "swiss"]
[EventRounds "9"]
[EventCountry "ENG"]
[Source "John Saunders"]
[SourceDate "2016.04.28"]

1. d4 d5 2. Nf3 Nf6 3. e3 Bg4 4. Bd3 Nc6 5. a3 e5 6. dxe5 Bxf3 7. Qxf3 Nxe5 8.
Qe2 Bd6 9. Nd2 O-O 10. O-O c6 11. b4 Re8 12. Nf3 Qc7 13. g3 Re7 14. Bb2 Rae8
15. Bf5 Nxf3+ 16. Qxf3 Be5 17. Bxe5 Qxe5 18. Rab1 Qc3 19. Rb3 Qe5 20. b5 c5 21.
b6 a6 22. Rbb1 c4 23. Rfd1 g6 24. Bh3 Ne4 25. Rd4 Ng5 26. Qg2 Nxh3+ 27. Qxh3
Rd8 28. Rbd1 Red7 29. Rxc4 Qe6 30. Qxe6 fxe6 31. Rc5 Kf7 32. Rd4 Ke7 33. Rh4
Kd6 34. Rc7 Rxc7 35. bxc7 Rc8 36. Rxh7 a5 37. Kf1 a4 38. Ke2 b5 39. c3 e5 40.
Rg7 d4 41. Rxg6+ Kxc7 42. cxd4 exd4 43. exd4 b4 44. Ra6 Re8+ 45. Kd2 Rd8 46.
axb4 1-0

[Event "Colin Crouch Masters 1st"]
[Site "Harrow High School"]
[Date "2016.04.07"]
[Round "6.23"]
[White "Ross, Chris N"]
[Black "Batchelor, Peter J"]
[Result "1/2-1/2"]
[WhiteElo "2194"]
[BlackElo "2335"]
[PlyCount "39"]
[EventDate "2016.04.02"]
[EventType "swiss"]
[EventRounds "9"]
[EventCountry "ENG"]
[Source "John Saunders"]
[SourceDate "2016.04.28"]

1. e4 c6 2. d4 d5 3. Nd2 dxe4 4. Nxe4 Nf6 5. Nxf6+ exf6 6. c3 Bd6 7. Bd3 O-O 8.
Ne2 Re8 9. Qc2 h6 10. O-O Qc7 11. Ng3 Nd7 12. Be3 Nf8 13. Rfe1 Bd7 14. c4 Ne6
15. Bh7+ Kh8 16. Bf5 Rad8 17. Rad1 b6 18. Qc1 Bf8 19. Bb1 Bc8 20. a3 1/2-1/2

[Event "Colin Crouch Masters 1st"]
[Site "Harrow High School"]
[Date "2016.04.08"]
[Round "7.1"]
[White "Vakhidov, Jahongir"]
[Black "Berkes, Ferenc"]
[Result "1/2-1/2"]
[WhiteElo "2576"]
[BlackElo "2644"]
[PlyCount "72"]
[EventDate "2016.04.02"]
[EventType "swiss"]
[EventRounds "9"]
[EventCountry "ENG"]
[Source "John Saunders"]
[SourceDate "2016.04.28"]
[WhiteClock "0:02:43"]
[BlackClock "0:02:05"]

1. d4 d5 2. Nf3 c6 3. e3 Bf5 4. c4 e6 5. Nc3 Nd7 6. a3 Bd6 7. g3 h6 8. Bg2 Ngf6
9. Qe2 O-O 10. O-O Qe7 11. Nh4 Bh7 12. e4 dxe4 13. Nxe4 Nxe4 14. Bxe4 f5 15.
Bc2 e5 16. c5 Bc7 17. dxe5 Nxe5 18. Bb3+ Kh8 19. f4 g5 20. Ng2 gxf4 21. Nxf4
Qxc5+ 22. Be3 Qxe3+ 23. Qxe3 Bb6 24. Rae1 Bxe3+ 25. Rxe3 Ng6 26. Ne6 Rf6 27. g4
f4 28. Rh3 Re8 29. Rxh6 Rfxe6 30. Bxe6 Rxe6 31. h4 Kg7 32. Rh5 Re3 33. Rg5 Kf6
34. Rh5 Kg7 35. Rg5 Kf6 36. Rh5 Kg7 1/2-1/2

[Event "Colin Crouch Masters 1st"]
[Site "Harrow High School"]
[Date "2016.04.08"]
[Round "7.2"]
[White "Gormally, Daniel W"]
[Black "Tan, Justin"]
[Result "1/2-1/2"]
[WhiteElo "2490"]
[BlackElo "2452"]
[PlyCount "26"]
[EventDate "2016.04.02"]
[EventType "swiss"]
[EventRounds "9"]
[EventCountry "ENG"]
[Source "John Saunders"]
[SourceDate "2016.04.28"]
[WhiteClock "1:18:00"]
[BlackClock "1:20:31"]

1. d4 Nf6 2. Nf3 d5 3. c4 e6 4. Nc3 dxc4 5. e3 a6 6. Bxc4 b5 7. Bb3 Bb7 8. O-O
Nbd7 9. Re1 Be7 10. e4 b4 11. e5 bxc3 12. exf6 Bxf6 13. bxc3 O-O 1/2-1/2

[Event "Colin Crouch Masters 1st"]
[Site "Harrow High School"]
[Date "2016.04.08"]
[Round "7.3"]
[White "Gareyev, Timur"]
[Black "Fodor, Tamas Jr"]
[Result "1/2-1/2"]
[WhiteElo "2611"]
[BlackElo "2505"]
[PlyCount "117"]
[EventDate "2016.04.02"]
[EventType "swiss"]
[EventRounds "9"]
[EventCountry "ENG"]
[Source "John Saunders"]
[SourceDate "2016.04.28"]
[WhiteClock "0:02:26"]
[BlackClock "0:12:29"]

1. d4 d5 2. c4 e6 3. Nc3 c6 4. Nf3 dxc4 5. a4 Bb4 6. e4 b5 7. Be2 Nf6 8. e5 Nd5
9. Bd2 Nxc3 10. bxc3 Be7 11. Qb1 a6 12. h4 h6 13. h5 Nd7 14. Qe4 Rb8 15. Qg4
Bf8 16. O-O Nb6 17. axb5 cxb5 18. Nh4 Nd5 19. Rfb1 Rb6 20. f4 Rg8 21. Nf3 Be7
22. Qg3 Qc7 23. Nh2 Kf8 24. Ng4 Bb7 25. Qf2 Ke8 26. Qg3 Kf8 27. Qf2 Ke8 28. Rf1
Qc8 29. Qg3 Kd7 30. f5 Qe8 31. Ne3 g6 32. f6 gxh5 33. Qh3 Nxe3 34. Bxe3 Rxg2+
35. Qxg2 Bxg2 36. Kxg2 Bd8 37. Kf2 Kc8 38. Rg1 b4 39. cxb4 Rxb4 40. Rxa6 Rb2
41. Ra8+ Kb7 42. Rga1 Qg8 43. R1a7+ Kc6 44. d5+ Kxd5 45. Rd7+ Ke4 46. Rd4+ Kxe5
47. Raxd8 Qg6 48. Rf4 Qc2 49. Rd2 Qxd2 50. Bxd2 Rxd2 51. Rxc4 Kxf6 52. Rc5 e5
53. Ke3 Rd7 54. Bxh5 Re7 55. Bg4 Kg5 56. Bh3 f5 57. Rc8 Ra7 58. Rg8+ Kf6 59.
Rf8+ 1/2-1/2

[Event "Colin Crouch Masters 1st"]
[Site "Harrow High School"]
[Date "2016.04.08"]
[Round "7.4"]
[White "Lalic, Bogdan"]
[Black "Osborne, Marcus E"]
[Result "1/2-1/2"]
[WhiteElo "2425"]
[BlackElo "2213"]
[PlyCount "84"]
[EventDate "2016.04.02"]
[EventType "swiss"]
[EventRounds "9"]
[EventCountry "ENG"]
[Source "John Saunders"]
[SourceDate "2016.04.28"]
[WhiteClock "0:44:24"]
[BlackClock "0:03:02"]

1. d4 Nf6 2. c4 e6 3. Nf3 b6 4. g3 Bb7 5. Bg2 Be7 6. Nc3 Ne4 7. Bd2 Bf6 8. Qc2
Nxd2 9. Qxd2 O-O 10. e4 d6 11. O-O Nd7 12. Rad1 g6 13. Rfe1 Qe7 14. e5 Bg7 15.
exd6 cxd6 16. d5 Bxc3 17. Qxc3 e5 18. Nd4 exd4 19. Rxe7 dxc3 20. Rxd7 Bc8 21.
Rxd6 cxb2 22. Rb1 Bf5 23. Rxb2 Bd3 24. Rc6 Rac8 25. a4 Bxc4 26. Rb4 Rxc6 27.
dxc6 Be6 28. a5 bxa5 29. Rb7 a4 30. Rxa7 Rb8 31. Be4 Rb4 32. f3 Rc4 33. Kf2 f5
34. Bd3 Rxc6 35. Rxa4 Rb6 36. Ra6 Rxa6 37. Bxa6 Kf7 38. f4 h6 39. h4 g5 40. Ke3
gxh4 41. gxh4 Bb3 42. Kd4 Kf6 1/2-1/2

[Event "Colin Crouch Masters 1st"]
[Site "Harrow High School"]
[Date "2016.04.08"]
[Round "7.5"]
[White "Hill, Alistair"]
[Black "Lyell, Mark"]
[Result "1/2-1/2"]
[WhiteElo "2204"]
[BlackElo "2242"]
[PlyCount "73"]
[EventDate "2016.04.02"]
[EventType "swiss"]
[EventRounds "9"]
[EventCountry "ENG"]
[Source "John Saunders"]
[SourceDate "2016.04.28"]
[WhiteClock "0:04:22"]
[BlackClock "0:02:21"]

1. Nf3 f5 2. g3 Nf6 3. Bg2 d6 4. d4 g6 5. O-O Bg7 6. c4 e6 7. Nc3 O-O 8. Re1
Ne4 9. Qc2 Nxc3 10. bxc3 Nc6 11. e4 e5 12. exf5 Bxf5 13. Qb3 Rb8 14. c5+ Kh8
15. cxd6 cxd6 16. dxe5 Nxe5 17. Be3 Qa5 18. Bd4 Bd3 19. Bxe5 dxe5 20. Rad1 e4
21. Nd4 Rbe8 22. Ne6 Bxc3 23. Nxf8 Rxf8 24. Rxe4 Bxe4 25. Bxe4 Bd4 26. Bxb7
Rxf2 27. Kh1 Qf5 28. Bg2 h5 29. Qd5 Bb6 30. Qxf5 gxf5 31. Rf1 Rxa2 32. Rxf5 Kg7
33. h4 Kh6 34. Bf3 Ra5 35. Rxa5 Bxa5 36. g4 Be1 37. gxh5 1/2-1/2

[Event "Colin Crouch Masters 1st"]
[Site "Harrow High School"]
[Date "2016.04.08"]
[Round "7.6"]
[White "Batchelor, Peter J"]
[Black "Eggleston, David J"]
[Result "1-0"]
[WhiteElo "2335"]
[BlackElo "2400"]
[PlyCount "113"]
[EventDate "2016.04.02"]
[EventType "swiss"]
[EventRounds "9"]
[EventCountry "ENG"]
[Source "John Saunders"]
[SourceDate "2016.04.28"]
[WhiteClock "0:08:34"]
[BlackClock "0:02:20"]

1. d4 Nf6 2. c4 e6 3. Nc3 Bb4 4. e3 O-O 5. Bd3 d5 6. Nf3 c5 7. O-O dxc4 8. Bxc4
cxd4 9. exd4 b6 10. Bg5 Bb7 11. Qe2 Bxc3 12. bxc3 Nbd7 13. Ne5 Rc8 14. Rac1
Nxe5 15. dxe5 Rc5 16. f4 Rxc4 17. exf6 Re4 18. Qg4 g6 19. Rf2 Qd3 20. h4 h5 21.
Qd1 Rd8 22. Qxd3 Rxd3 23. c4 Bc6 24. a4 Bxa4 25. c5 bxc5 26. Rxc5 Rd8 27. Ra5
Bc6 28. Rxa7 Re1+ 29. Kh2 Rdd1 30. Rc2 Rh1+ 31. Kg3 Rc1 32. Rxc1 Rxc1 33. Rc7
Rc3+ 34. Kh2 Rc2 35. Rc8+ Kh7 36. Rf8 Rxg2+ 37. Kh3 Ra2 38. Rxf7+ Kg8 39. Rg7+
Kf8 40. Rc7 Ra3+ 41. Kh2 Ra2+ 42. Kg3 Ra3+ 43. Kf2 Ra2+ 44. Ke3 Ra3+ 45. Kd4
Ra4+ 46. Ke5 Re4+ 47. Kd6 Be8 48. Bh6+ Kg8 49. Rg7+ Kh8 50. f7 Rd4+ 51. Ke7
Bxf7 52. Rxf7 e5 53. fxe5 Rxh4 54. Bg7+ Kg8 55. Bf6 g5 56. Rf8+ Kh7 57. Kf7 1-0

[Event "Colin Crouch Masters 1st"]
[Site "Harrow High School"]
[Date "2016.04.08"]
[Round "7.7"]
[White "Jackson, James P"]
[Black "Willmoth, Robert F"]
[Result "1-0"]
[WhiteElo "2348"]
[BlackElo "2152"]
[PlyCount "75"]
[EventDate "2016.04.02"]
[EventType "swiss"]
[EventRounds "9"]
[EventCountry "ENG"]
[Source "John Saunders"]
[SourceDate "2016.04.28"]
[WhiteClock "0:12:52"]
[BlackClock "0:05:08"]

1. e4 d6 2. d4 Nf6 3. Nc3 c6 4. Nf3 Bg4 5. h3 Bh5 6. Qe2 e6 7. g4 Bg6 8. h4 h6
9. h5 Bh7 10. g5 hxg5 11. Nxg5 Bg8 12. d5 e5 13. Bg2 Nbd7 14. Be3 Be7 15. O-O-O
c5 16. f4 a6 17. Bh3 Qc7 18. Rdg1 O-O-O 19. fxe5 dxe5 20. Nf3 Bf8 21. Bg5 Kb8
22. Bxd7 Rxd7 23. Bxf6 gxf6 24. Kb1 b5 25. Nh4 Bh7 26. Rf1 Qd8 27. Nf5 Rg8 28.
Nd1 c4 29. Rh2 Qc8 30. Rg2 Rh8 31. Nde3 Bc5 32. Ng4 Bxf5 33. Rxf5 Rxd5 34. Nxf6
Rdd8 35. Rf1 Qh3 36. Rh2 Rd2 37. Rxh3 Rxe2 38. Nd7+ 1-0

[Event "Colin Crouch Masters 1st"]
[Site "Harrow High School"]
[Date "2016.04.08"]
[Round "7.8"]
[White "Brzezinski, Adam"]
[Black "Tarhon, Brian"]
[Result "1/2-1/2"]
[WhiteElo "2203"]
[BlackElo "2293"]
[PlyCount "138"]
[EventDate "2016.04.02"]
[EventType "swiss"]
[EventRounds "9"]
[EventCountry "ENG"]
[Source "John Saunders"]
[SourceDate "2016.04.28"]
[WhiteClock "0:10:13"]
[BlackClock "0:00:52"]

1. e4 c5 2. Nf3 e6 3. g3 a6 4. Bg2 b5 5. O-O Bb7 6. Re1 d6 7. d4 cxd4 8. Nxd4
Nc6 9. a4 b4 10. c4 Nxd4 11. Qxd4 e5 12. Qd2 a5 13. Qg5 Nf6 14. Nd2 h6 15. Qe3
Be7 16. Bh3 h5 17. Bg2 h4 18. Nf1 Nd7 19. b3 Nc5 20. Rb1 Qd7 21. Qe2 Qe6 22. f4
hxg3 23. hxg3 Qg6 24. f5 Qh7 25. Qg4 Nd7 26. Kf2 Bd8 27. Nd2 Bb6+ 28. Ke2 Bd4
29. Rh1 Qg8 30. Bb2 Rxh1 31. Bxh1 Bxb2 32. Rxb2 O-O-O 33. Rb1 g6 34. fxg6 Qxg6
35. Qxg6 fxg6 36. Bg2 Rh8 37. Rh1 Rxh1 38. Bxh1 Kd8 39. Bf3 Ke7 40. Ke3 Kf6 41.
Bg4 Nc5 42. Bh3 Bc6 43. Bg4 Kg5 44. Be2 Bd7 45. Nf3+ Kf6 46. Nd2 Bc8 47. Kf2
Be6 48. Ke3 Bh3 49. Kf2 Bd7 50. Ke3 Nb7 51. Bd1 Nd8 52. Kf2 Nc6 53. Nf1 Nd4 54.
Ne3 Kg5 55. Ke1 Bc6 56. Nd5 Ne6 57. Kf2 Nc5 58. Kf3 Bb7 59. Bc2 Ne6 60. Bd1 Bc8
61. Ne3 Nc5 62. Bc2 Ne6 63. Bd1 Nd4+ 64. Kf2 Bd7 65. Ke1 Bc6 66. Nd5 Kh6 67.
Kd2 Kg5 68. Ke1 Bd7 69. Ne3 Bc6 1/2-1/2

[Event "Colin Crouch Masters 1st"]
[Site "Harrow High School"]
[Date "2016.04.08"]
[Round "7.9"]
[White "Wadsworth, Matthew J"]
[Black "Warman, Simon M"]
[Result "1-0"]
[WhiteElo "2290"]
[BlackElo "2130"]
[PlyCount "71"]
[EventDate "2016.04.02"]
[EventType "swiss"]
[EventRounds "9"]
[EventCountry "ENG"]
[Source "John Saunders"]
[SourceDate "2016.04.28"]
[WhiteClock "0:06:49"]
[BlackClock "0:00:40"]

1. c4 Nf6 2. g3 g6 3. Bg2 Bg7 4. Nc3 c5 5. e4 d6 6. Nge2 Na6 7. a3 O-O 8. O-O
Nc7 9. b4 Rb8 10. bxc5 dxc5 11. d3 b5 12. cxb5 Nxb5 13. Bf4 Bg4 14. Qc2 Bxe2
15. Nxe2 Rc8 16. Qc4 Nd4 17. Nxd4 cxd4 18. Qa6 Nd7 19. Bh3 Rc3 20. Qxa7 Nc5 21.
Rab1 Qa8 22. Qxe7 Nxd3 23. Bd6 Re8 24. Qb7 Qxb7 25. Rxb7 h5 26. Bg2 Re6 27. Rd7
Nb2 28. Bb4 Rc2 29. f4 d3 30. e5 Re8 31. Bd5 Rf8 32. Bxf8 Bxf8 33. Bxf7+ Kh8
34. Bxg6 Bc5+ 35. Kh1 Rc3 36. e6 1-0